000 01215naa a22003497a 4500
001 BR9400262
003 BR-BrBNA
005 20240918181108.0
007 ta
008 230509b bl.||||| |||| 00| 0 por d
040 _aBR-BrBNA
_bpor
_cBiblioteca Nacional de Agricultura
041 _a(Pt)
072 _aF70; E10
_b0310
_b2420
090 _aF70 BR9400262
100 1 _aNoblick, L.R.
111 1 _aSimposio sobre Caatinga e sua Exploracao Racional
_cFeira de Santana, BA (Brazil)
_d26-30 Nov 1984
245 1 _aPalmeiras das caatingas da Bahia e suas potencialidades economicas
260 3 _aBrasilia, DF (Brasil):
_c1986.
500 _aAnais do Simposio sobre Caatinga e sua exploracao racional Brasilia, DF (Brasil): 1986. p. 99-116 (BR9400262-AM)F70
650 _aPalmeira Oleaginosa
650 _aCarnauba
650 _aGuariroba
650 _aOuricuri
650 _aEcologia Vegetal
650 _aTaxonomia Vegetal
650 _aEconomia Agricola
650 _aCaatinga
650 _aBahia
773 0 _tAnais do Simposio sobre Caatinga e sua exploracao racional
_wF70 BR9400262
_gBrasilia, DF (Brasil), 1986. p. 99-116
909 _a202404
_bLucia
_c55
_dLucia Elande
942 _cAM
_2AGRIS
999 _c323619
_d323619